Štrnásť dní v kabinete ministrov z komuniké 31. a 32. schôdze, ktoré sa konali v dňoch 14. a 21. februára 2007

Bibliographic Details
Format: Article
Language:Slovak
PhysicalDescription:Fotogr.
ISSN:1335-7883
Subjects:

MARC

LEADER 00000nab a2200000 ar4500
001 vtls008955659
003 SK-MaSNL
005 20260303070350.0
008 060828c2007 xo sr|p|||||||000 b|slo
015 |a SNBRB2007/03  |2 snkbucl 
038 |a SNKBUCL 
040 |a SNKBUCL  |b slo  |c SNKBUCL  |e AACR2 
041 0 |a slo 
044 |a xo  |c SK 
080 |a 328.1  |x (437.6)  |2 UDC-MRF-SK2 
245 0 0 |a Štrnásť dní v kabinete ministrov  |b z komuniké 31. a 32. schôdze, ktoré sa konali v dňoch 14. a 21. februára 2007 
300 |b Fotogr. 
611 1 7 |a Slovensko.  |b Vláda  |x zasadanie  |2 snkbucl  |9 1031818 
773 0 |t Verejná správa  |g Roč. 62, č. 5 (2007), s. 8-9  |x 1335-7883 
852 |a SNK  |b KIS3GCP 
958 |a SK 
999 |c 1755036  |d 1756966